Catalog

Record Details

Catalog Search



Encounters with biblical theology  Cover Image Book Book

Encounters with biblical theology / John J. Collins

Record details

  • ISBN: 0-8006-3780-1
  • ISBN: 0-8006-3769-0
  • Physical Description: ix, 243 s. ; 23 cm
  • Publisher: Minneapolis : Fortress Press, c2005

Content descriptions

Bibliography, etc. Note:
Obsahuje bibliografické odkazy a rejstřík
Subject: Bible. Pentateuch
biblická teologie
apokalyptika
Genre: pojednání

Available copies

  • 2 of 2 copies available at Common Catalog SPOK.

Holds

  • 0 current holds with 2 total copies.
Show Only Available Copies
Location Call Number / Copy Notes Barcode Shelving Location Status Due Date
ETS Library 230.041 424470013122 Volný výběr Available -
Jabok Library BI-4.4 424480028045 Odborná literatura Available -

LDR 01206nam a22003617a 4500
00117398
003CZ-PrJAB
00520200416132156.0
007ta
008050908s2005 xxu 000 0 eng
020 . ‡a0-8006-3780-1 ‡q(váz.)
020 . ‡a0-8006-3769-0 ‡q(brož.)
035 . ‡a(CZ PrSKC)000204511
040 . ‡aGBV ‡bcze ‡cABD027 ‡dCBD005 ‡eAACR2 ‡91
072 7. ‡a2-23/-27 ‡xBible. Biblistika ‡2Konspekt ‡95
080 . ‡a2-278 ‡2MRF
080 . ‡a2-175.2 ‡2MRF
080 . ‡a(049) ‡2MRF
1001 . ‡aCollins, John Joseph, ‡d1946- ‡7jo2007376774 ‡4aut
24510. ‡aEncounters with biblical theology / ‡cJohn J. Collins
260 . ‡aMinneapolis : ‡bFortress Press, ‡cc2005
300 . ‡aix, 243 s. ; ‡c23 cm
504 . ‡aObsahuje bibliografické odkazy a rejstřík
63007. ‡aBible. ‡pPentateuch ‡7unn2006374756 ‡2czenas
65007. ‡abiblická teologie ‡7ph118851 ‡2czenas
65007. ‡aapokalyptika ‡7ph138428 ‡2czenas
655 7. ‡apojednání ‡7fd133056 ‡2czenas
910 . ‡aABG312
910 . ‡aABG450
995 . ‡aska
901 . ‡a17398 ‡bCZ PrSKC ‡c17398 ‡tbiblio

Additional Resources